Rekursivno perečislimyje množestva i stepeni nerazrešimosti

Salvato in:
Dettagli Bibliografici
Natura: Libro
Lingua:russo
Pubblicazione: Kazan' Universitet 1986
Edizione:1. izd.
Tags: Aggiungi Tag
Nessun Tag, puoi essere il primo ad aggiungerne!!

MARC

LEADER 00000nam a2200000 4500
001 c040866
005 20260128080743.3
041 0 |a rus 
044 |a SU 
245 1 0 |a Rekursivno perečislimyje množestva i stepeni nerazrešimosti  |c Marat Mirzajevič Arslanov 
250 |a 1. izd. 
264 1 |a Kazan'  |b Universitet  |c 1986 
300 |a 202 s.